| 000 | 00441nam a2200169Ia 4500 | ||
|---|---|---|---|
| 003 | LK-CoDNM | ||
| 005 | 20240826153026.0 | ||
| 008 | 010623t1933 xxu||||| |||| 00| 1 eng d | ||
| 040 |
_aLK-CoDNM _dLK-CoDNM _eLK-CoDNM |
||
| 041 | _aeng | ||
| 080 |
_a22 _bK42 |
||
| 100 | _aRamanayya, N. Venkata | ||
| 245 | _aVijayanagara Origin of the City and the Empire | ||
| 260 |
_bUniversity of Madras _c1933 |
||
| 300 | _b191p. : 24 cm | ||
| 942 | _cBK | ||
| 999 |
_c96653 _d96653 |
||